000 00783nam a22002297a 4500
005 20140903174921.0
008 130910s2012 xxu frn 001 0deng
020 _a9781422186701
040 _aCO-BoUCM
_cAngélica Rojas
_dNuevo
_bspa
041 0 0 _aeng
100 1 _aMukunda, Gautam
_944769
245 1 0 _aIndispensable when leaders really matter
_cGautam Mukunda
260 _aBoston, Mass
_bHarvard Business Review Press
_c2012
300 _axii, 301 páginas
504 _aIncluye referencias bibliográficas e índices
650 7 _aEjecutivos
_913930
650 7 _aLiderazgo
_918533
650 7 _aLiderazgo
_xHistoria
_944663
690 _942736
_aAdministración de empresas
942 _a16
_cLIBRO
_e1
_mM953i
_2DEWEY
_h658.4092
999 _c180319
_d180319